Statistics for Footballer career path #2

Click here to take the quiz!

General Stats

  • This quiz has been taken 317 times
  • The average score is 19 of 40

Answer Stats

Answer% Correct
Mario Gotze
91%
Ruud van Nistelrooy
79%
Ander Herrera
78%
Pepe
71%
Jonathan David
69%
Danny Drinkwater
67%
Eric Maxim Choupo-Moting
67%
Willian
67%
Troy Deeney
66%
Tim Cahill
63%
Javier Hernandez
61%
James Rodriguez
60%
Mohamed Elneny
58%
Tiemoue Bakayoko
58%
Aaron Mooy
57%
Tomas Rosicky
56%
Andrea Belotti
54%
Yaya Toure
53%
Tom Heaton
52%
Mario Balotelli
50%
Miralem Pjanic
46%
Ricardo Quaresma
45%
Giovanni Simeone
43%
Alex Song
42%
Leighton Baines
41%
Adebayo Akinfenwa
40%
Bacary Sagna
40%
Andrea Barzagli
38%
Jack Wilshere
37%
Justin Kluivert
36%
Sokratis Papastathopoulos
32%
Asmir Begovic
31%
Anthony Knockaert
30%
Christian Fuchs
30%
Benedikt Howedes
23%
John Obi Mikel
22%
Nacer Chadli
22%
Gylfi Sigurdsson
18%
Santi Carzola
9%
Gerrit Holtmann
5%

Score Distribution

Percentile by Number Answered

Percent of People with Each Score

Your Score History

You have not taken this quiz